000 01099nam a2200229Ia 4500
003 Ost
005 20260507075034.0
008 260507s9999||||xx |||||||||||||| ||und||
020 _a5144069957
040 _cfsecg
041 _aara
082 _a330
100 _aعباس، علي
_eمؤلف
245 0 _aوظائف منظمات الأعمال :
_bمبادئ الإدارة 2 /
_c علي عباس
260 _aعمان:
_bDar Almasira pour l'impression et la distribusion,
_c2006
300 _a256 صفحة؛
_bإيضاحات ؛
_c24 سم
520 _aالبيئة العامة لمنظمات الاعمال- الاشكال القانونية لمنظمات الأعمال- وظيفة الإدارة المالية- وظيفة الشراء- وظيفة التخزين- وظيفة الإنتاج- وظيفة المبيعات- وظيفة الأفراد- وظيفة العلاقات العامة- إدارة المكاتب
653 _aإدارة الأعمال
653 _aالوظائف
700 _aبركات، عبد الله وأخرون
_eمؤلف ثانوي
942 _cكتاب
999 _c42435
_d42435